| 000 | 00467nam a2200181Ia 4500 | ||
|---|---|---|---|
| 001 | 56101 | ||
| 008 | 130128n ii |||gr||||Z||||||465 | ||
| 082 | _a891.4109 | ||
| 245 | 0 |
_aSahitya Bichar _cRamnal Thakuriya _hTextual Documents |
|
| 250 | _aNew Edn--2011. | ||
| 260 |
_aGuwahati _bBina Library |
||
| 300 |
_a151pg: _c23cm. |
||
| 653 | _aAssamese | ||
| 653 | _aDeptt-Assamese | ||
| 653 | _aAssamese Literature | ||
| 700 | _aThakuriya,Ramnal. | ||
| 942 |
_2ddc _cBK |
||
| 999 |
_c56025 _d56025 |
||